| 000 | 00676nam a2200217 a 4500 | ||
|---|---|---|---|
| 005 | 20150619020002.0 | ||
| 008 | 140313b1998 ck ||||| |||| 00| 0 spa d | ||
| 040 |
_aCO-BoIAVH _cCO-BoIAVH |
||
| 041 | _aspa | ||
| 044 | _ack | ||
| 082 | 0 | 4 |
_a509.86146 _bV15m |
| 090 |
_aLB _b03789 |
||
| 100 | 1 |
_aVelandia, Roberto _921425 |
|
| 245 | 1 | 0 |
_aUna mirada en el tiempo al paisaje del Alto Sumapaz: _bcompilación de crónicas de viajeros colombianos y extranjeros |
| 260 |
_aBogotá: _bCAR, _c1998. |
||
| 300 | _a240 p. | ||
| 650 | 4 |
_aCrónicas de viaje _zSumapaz (Colombia) _932909 |
|
| 650 | 4 |
_aHistoria _zSumapaz (Colombia) _932910 |
|
| 942 |
_cLIBRO _2ddc _01 |
||
| 945 | _d2004-08-19 | ||
| 999 |
_c4089 _d4089 |
||